000 00825nam a2200289Ia 4500
005 20260324113928.0
008 008 260324s9999 xx 000 0 eng d
020 _a9781003290629
037 _aEBOOK
040 _aCRL
040 _beng
040 _cCRL
041 _2eng
041 _aeng
084 _qCRL
100 _aLu Qi; Mahesh K. Gaur; Victor R. Squires
_91148738
245 0 _aSand Dunes of the Northern Hemisphere: Distribution, Formation, Migration and Management
245 0 _bVolume 2: Characteristics, Dynamics and Provenance of Sand Dunes in the Northern Hemisphere
260 _bTaylor and Francis
260 _c2023
365 _a
365 _b340
856 _uhttp://www.taylorfrancis.com/books/9781003290629
942 _cEBOOK
999 _c1738646
_d1738646